000 01024nam a22002657a 4500
999 _c1703
_d1703
003 CoMeUDC
005 20230515180325.0
008 230515b ||||| |||| 00| 0 eng d
020 _a9789587497892 (vol. 1)
020 _a9789587497922 (vol. 2)
040 _cCO-UdeC
_dCO-UdeC
_eAARC
_eISBD
082 _a347.86
_bH565
100 _92358
_aHerrera Mercado, Hernando
_qDirector académico
245 _aLa práctica del litigio arbitral :
_bTomo 2 /
_cHernando Herrera Mercado, Fabricio Mantilla Espinosa.
260 _aBogotá :
_bGrupo Editorial Ibañez,
_c2017.
300 _a420 p. [vol. 1] ;
_c24 cm.
490 _aArbitraje 360°
505 _aAspectos contractuales y procesales [vol. 1] -- Estructura del proceso y estrategia del litigio [vol. 2]
546 _aEspañol.
650 0 _92360
_aArbitramento
_xDerecho
_zColombia
650 0 _92361
_aÁrbitros
_xDerecho
_zColombia
650 0 _92082
_aPráctica del derecho
700 _92359
_aMantilla Espinosa, Fabricio
_qDirector académico
942 _2ddc
_cBK